[Event "SRB-chT 2nd League West"]
[Site "Kragujevac"]
[Date "2019.10.06"]
[Round "11.8"]
[White "Mijatovic, Pavle"]
[Black "Markovic, Marko"]
[Result "1-0"]
[WhiteElo "1889"]
[BlackElo "2225"]
[PlyCount "53"]
[EventDate "2019.09.06"]
[EventType "team-tourn"]
[EventRounds "11"]
[EventCountry "SRB"]
[SourceTitle "EXT 2020"]
[Source "ChessBase"]
[SourceDate "2019.10.17"]
[SourceVersion "1"]
[SourceVersionDate "2019.10.17"]
[SourceQuality "1"]
[WhiteTeam "Smederevo"]
[BlackTeam "Aleksandrovac"]
[WhiteTeamCountry "SRB"]
[BlackTeamCountry "SRB"]

1. e4 c5 2. Nf3 Nc6 3. d4 cxd4 4. Nxd4 e5 5. Nb5 a6 6. Nd6+ Bxd6 7. Qxd6 Qf6 8. Qd1 Qg6 9. f3 Nge7 10. Nc3 0-0 11. Be3 Rd8 12. Qd2 b5 13. g4 h5 14. gxh5 Qxh5 15. 0-0-0 Bb7 16. Bb6 Rf8 17. Rg1 Bc8 18. Bc5 Ng6 19. Rg3 Nf4 20. Nd5 Nxd5 21. exd5 Nd8 22. Bd3 Bb7 23. Rdg1 g6 24. Bxg6 fxg6 25. Rxg6+ Kf7 26. Rg7+ Kf6 27. Be7+ 1-0

[Event "SRB-chT 2nd League West"]
[Site "Kragujevac"]
[Date "2019.09.07"]
[Round "3.8"]
[White "Smailovic, Enes"]
[Black "Markovic, Marko"]
[Result "1-0"]
[WhiteElo "1981"]
[BlackElo "2225"]
[PlyCount "46"]
[EventDate "2019.09.06"]
[EventType "team-tourn"]
[EventRounds "11"]
[EventCountry "SRB"]
[SourceTitle "EXT 2020"]
[Source "ChessBase"]
[SourceDate "2019.10.17"]
[SourceVersion "1"]
[SourceVersionDate "2019.10.17"]
[SourceQuality "1"]
[WhiteTeam "Tutin"]
[BlackTeam "Aleksandrovac"]
[WhiteTeamCountry "SRB"]
[BlackTeamCountry "SRB"]

1. e4 c5 2. Nf3 Nc6 3. d4 cxd4 4. Nxd4 g6 5. Nxc6 bxc6 6. Qd4 f6 7. Bc4 Bg7 8. Nc3 Qb6 9. Qd3 Nh6 10. h3 Nf7 11. f4 e6 12. Be3 Qb7 13. Bc5 Rb8 14. 0-0 h6 15. e5 f5 16. Na4 g5 17. Rae1 Rg8 18. fxg5 Nxg5 19. Rxf5 Nf7 20. Rxf7 Kxf7 21. Rf1+ Ke8 22. Qg6+ Kd8 23. Qxg7 Re8 1-0

[Event "SRB-chT2 East"]
[Site "Serbia"]
[Date "2017.10.07"]
[Round "9.1"]
[White "Markovic, Marko"]
[Black "Ivic, Matija"]
[Result "0-1"]
[WhiteElo "2227"]
[BlackElo "2300"]
[PlyCount "76"]
[EventDate "2017.09.08"]
[EventType "team-tourn"]
[EventRounds "11"]
[EventCountry "SRB"]
[SourceTitle "EXT 2022"]
[Source "ChessBase"]
[SourceDate "2021.10.06"]
[SourceVersion "1"]
[SourceVersionDate "2021.10.06"]
[SourceQuality "1"]

1. e4 c5 2. a3 g6 3. b4 Bg7 4. Ra2 d5 5. f3 dxe4 6. fxe4 cxb4 7. axb4 Qd4 8. Nc3 Qxb4 9. Bb5+ Nc6 10. Ba3 Qd4 11. Nge2 Qd8 12. d4 a6 13. Bc5 Bd7 14. Nd5 e6 15. Bb6 Qh4+ 16. g3 Qxe4 17. Nc7+ Kf8 18. 0-0 Rc8 19. d5 axb5 20. dxe6 Bxe6 21. Qd6+ Nge7 22. Nxe6+ Kg8 23. Nxg7 Qxe2 24. Qf6 Qc4 25. Ra3 Rf8 26. Qa1 Qd5 27. Re3 Rc8 28. Qf6 h6 29. Ne6 Rh7 30. Nf4 Qg5 31. Qd6 Rf8 32. h4 Qg4 33. Qf6 Nf5 34. Rd3 Nxg3 35. Rxg3 Qxg3+ 36. Kh1 Re8 37. Rg1 Qf3+ 38. Rg2 Re6 0-1

[Event "Paracin-ch"]
[Site "Paracin"]
[Date "2016.01.23"]
[Round "6"]
[White "Soilemetzidis, Konstantinos"]
[Black "Markovic, Marko"]
[Result "1-0"]
[WhiteElo "1952"]
[BlackElo "2247"]
[PlyCount "101"]
[EventDate "2016.01.19"]
[EventType "swiss"]
[EventRounds "9"]
[EventCountry "SRB"]
[SourceTitle "CBM 170 Extra"]
[Source "ChessBase"]
[SourceDate "2016.02.25"]
[SourceVersion "1"]
[SourceVersionDate "2016.02.25"]
[SourceQuality "1"]

1. d4 d6 2. Nf3 Nd7 3. Bf4 g6 4. e3 Bg7 5. Bc4 e6 6. h3 Ngf6 7. 0-0 0-0 8. c3 Qe7 9. Bh2 b6 10. Nbd2 Bb7 11. Re1 Ne4 12. Nxe4 Bxe4 13. Nd2 Bb7 14. Bd3 e5 15. Be4 d5 16. Bc2 c5 17. e4 cxd4 18. cxd4 exd4 19. exd5 Qb4 20. Bb3 Rae8 21. Ne4 Nc5 22. Nd6 Rxe1+ 23. Qxe1 Qxe1+ 24. Rxe1 Nxb3 25. Nxb7 Nc5 26. Nxc5 bxc5 27. Bc7 Bf6 28. d6 Rc8 29. Rc1 Kf8 30. Rxc5 Ke8 31. Kf1 d3 32. Rd5 Kd7 33. b3 a5 34. Rxd3 Re8 35. Re3 Ra8 36. Rf3 Ke6 37. Rxf6+ Kxf6 38. d7 Ke7 39. d8Q+ Rxd8 40. Bxd8+ Kxd8 41. Ke2 Kc7 42. a3 Kd6 43. b4 axb4 44. axb4 Kd5 45. Kd3 Kc6 46. Kc4 Kb6 47. f4 Kc6 48. g4 f6 49. g5 fxg5 50. fxg5 Kd6 51. b5 1-0

[Event "Paracin-ch"]
[Site "Paracin"]
[Date "2016.01.22"]
[Round "5"]
[White "Markovic, Marko"]
[Black "Jovanovic, Aleksandar D"]
[Result "0-1"]
[WhiteElo "2247"]
[BlackElo "2113"]
[PlyCount "70"]
[EventDate "2016.01.19"]
[EventType "swiss"]
[EventRounds "9"]
[EventCountry "SRB"]
[SourceTitle "CBM 170 Extra"]
[Source "ChessBase"]
[SourceDate "2016.02.25"]
[SourceVersion "1"]
[SourceVersionDate "2016.02.25"]
[SourceQuality "1"]

1. e4 e5 2. Nf3 Nc6 3. d4 exd4 4. Nxd4 Nf6 5. Nxc6 bxc6 6. Bd3 d5 7. Nd2 Bd6 8. 0-0 0-0 9. h3 Re8 10. exd5 cxd5 11. Nf3 c5 12. c3 Rb8 13. Rb1 Ne4 14. Be3 Bf5 15. Qc1 Qf6 16. Bf4 Nxc3 17. bxc3 Bxd3 18. Rxb8 Rxb8 19. Bxd6 Rb1 20. Qxb1 Bxb1 21. Bxc5 Be4 22. Bxa7 Qxc3 23. Bd4 Qd3 24. Rc1 h6 25. Rc8+ Kh7 26. Be5 Bxf3 27. gxf3 Qf5 28. Re8 Qxh3 29. a4 Qxf3 30. a5 h5 31. a6 h4 32. a7 h3 33. Rh8+ Kxh8 34. a8Q+ Kh7 35. Qd8 Qg2# 0-1

[Event "SRB-chT2 East"]
[Site "Vrnjacka Banja"]
[Date "2015.10.08"]
[Round "6.32"]
[White "Markovic, Marko"]
[Black "Djokic, Nebojsa"]
[Result "0-1"]
[WhiteElo "2269"]
[BlackElo "2204"]
[PlyCount "50"]
[EventDate "2015.08.28"]
[EventType "team-tourn"]
[EventRounds "11"]
[EventCountry "SRB"]
[SourceTitle "EXT 2022"]
[Source "ChessBase"]
[SourceDate "2021.10.06"]
[SourceVersion "1"]
[SourceVersionDate "2021.10.06"]
[SourceQuality "1"]

1. e4 c5 2. a3 Nc6 3. b4 e6 4. Nf3 Nf6 5. e5 Ng4 6. bxc5 Ngxe5 7. Nxe5 Nxe5 8. d4 Ng6 9. Be2 d6 10. cxd6 Bxd6 11. 0-0 Qc7 12. g3 0-0 13. c4 b6 14. Be3 Bb7 15. Nd2 Nh4 16. c5 bxc5 17. Nc4 Nf5 18. dxc5 Bxc5 19. Bxc5 Qxc5 20. Rc1 Rfd8 21. Qb3 Nd4 22. Qe3 Nxe2+ 23. Qxe2 Rac8 24. Qe3 Qd5 25. Ne5 Qg2# 0-1

[Event "Paracin-ch"]
[Site "Paracin"]
[Date "2015.01.16"]
[Round "2"]
[White "Markovic, Marko"]
[Black "Marjanovics, Gyorgy"]
[Result "1-0"]
[WhiteElo "2291"]
[BlackElo "1996"]
[PlyCount "63"]
[EventDate "2015.01.15"]
[EventType "swiss"]
[EventRounds "7"]
[EventCountry "SRB"]
[SourceTitle "CBM 164 Extra"]
[Source "ChessBase"]
[SourceDate "2015.03.02"]
[SourceVersion "1"]
[SourceVersionDate "2015.03.02"]
[SourceQuality "1"]

1. e4 d5 2. exd5 Qxd5 3. Nc3 Qd6 4. d4 Nf6 5. Nf3 c6 6. Ne5 Nbd7 7. Nc4 Qc7 8. g3 Nb6 9. Bf4 Qd8 10. Ne5 Bf5 11. Bg2 e6 12. g4 Bg6 13. h4 Bb4 14. 0-0 Bxc3 15. bxc3 Nfd5 16. Bg3 f6 17. Nxg6 hxg6 18. Qd3 Kf7 19. c4 Ne7 20. c5 Nd7 21. Rfe1 Nf8 22. Rad1 b5 23. cxb6 axb6 24. c4 Rxa2 25. d5 cxd5 26. cxd5 Nxd5 27. Rxe6 Nxe6 28. Bxd5 Ra8 29. Bxe6+ Kxe6 30. Qc4+ Ke7 31. Re1+ Kf8 32. Qe6 1-0

[Event "Skopje op 19th"]
[Site "Skopje"]
[Date "2011.10.28"]
[Round "5"]
[White "Stanojoski, Zvonko"]
[Black "Markovic, Marko"]
[Result "1-0"]
[WhiteElo "2470"]
[BlackElo "2285"]
[PlyCount "59"]
[EventDate "2011.10.24"]
[EventType "swiss"]
[EventRounds "9"]
[EventCountry "MKD"]
[SourceTitle "EXT 2012"]
[Source "ChessBase"]
[SourceDate "2011.11.24"]
[SourceVersion "1"]
[SourceVersionDate "2011.11.24"]
[SourceQuality "1"]

1. Nf3 Nf6 2. c4 g6 3. b3 Bg7 4. Bb2 0-0 5. d4 c6 6. Nc3 d5 7. e3 Bg4 8. Be2 Nbd7 9. 0-0 Ne4 10. Nxe4 dxe4 11. Ng5 Bf5 12. g4 e5 13. Nh3 Qh4 14. gxf5 Qxh3 15. fxg6 f5 16. gxh7+ Kxh7 17. Kh1 exd4 18. Bxd4 Rg8 19. Rg1 Be5 20. Bxe5 Nxe5 21. Rg3 Rxg3 22. fxg3 Rg8 23. Qg1 Qh6 24. Qf2 Rf8 25. Qf4 Qg7 26. Rd1 Kg8 27. c5 Qe7 28. Rd6 Rf6 29. Qg5+ Kf7 30. Bh5+ 1-0

[Event "Skopje op 19th"]
[Site "Skopje"]
[Date "2011.10.27"]
[Round "4"]
[White "Markovic, Marko"]
[Black "Danchevski, Orce"]
[Result "1/2-1/2"]
[WhiteElo "2285"]
[BlackElo "2398"]
[PlyCount "26"]
[EventDate "2011.10.24"]
[EventType "swiss"]
[EventRounds "9"]
[EventCountry "MKD"]
[SourceTitle "EXT 2012"]
[Source "ChessBase"]
[SourceDate "2011.11.24"]
[SourceVersion "1"]
[SourceVersionDate "2011.11.24"]
[SourceQuality "1"]

1. e4 c5 2. d3 Nc6 3. f4 d5 4. exd5 Qxd5 5. Nf3 Bg4 6. Be2 e6 7. Nc3 Qd7 8. Ne5 Bxe2 9. Qxe2 Qc7 10. Nxc6 Qxc6 11. f5 0-0-0 12. fxe6 Re8 13. 0-0 Rxe6 1/2-1/2

[Event "Skopje op 19th"]
[Site "Skopje"]
[Date "2011.10.24"]
[Round "1"]
[White "Jovancev, Orce"]
[Black "Markovic, Marko"]
[Result "0-1"]
[WhiteElo "1737"]
[BlackElo "2285"]
[PlyCount "22"]
[EventDate "2011.10.24"]
[EventType "swiss"]
[EventRounds "9"]
[EventCountry "MKD"]
[SourceTitle "EXT 2012"]
[Source "ChessBase"]
[SourceDate "2011.11.24"]
[SourceVersion "1"]
[SourceVersionDate "2011.11.24"]
[SourceQuality "1"]

1. b3 e5 2. Bb2 d6 3. e3 Nc6 4. Bb5 Bd7 5. Nf3 e4 6. Bxc6 bxc6 7. Nd4 Qg5 8. Rg1 Qe5 9. Nc3 Qxh2 10. Nde2 Bg4 11. d3 Qxg1+ 0-1

[Event "SRB-chT Central"]
[Site "Kraljevo"]
[Date "2011.09.24"]
[Round "10.3"]
[White "Markovic, Marko"]
[Black "Rabrenovic, Vladan"]
[Result "1/2-1/2"]
[WhiteElo "2285"]
[BlackElo "2378"]
[PlyCount "61"]
[EventDate "2011.09.17"]
[EventType "team-tourn"]
[EventRounds "11"]
[EventCountry "SRB"]
[SourceTitle "CBM 144 Extra"]
[Source "ChessBase"]
[SourceDate "2011.10.28"]
[SourceVersion "1"]
[SourceVersionDate "2011.10.28"]
[SourceQuality "1"]
[WhiteTeam "Rudar"]
[BlackTeam "Metalac"]
[WhiteTeamCountry "YUG"]
[BlackTeamCountry "YUG"]

1. e4 d6 2. Nc3 Nf6 3. f4 g6 4. Nf3 Bg7 5. Be2 0-0 6. 0-0 c5 7. Qe1 Nc6 8. d3 Rb8 9. Qh4 Nd4 10. Bd1 e6 11. f5 Nxf3+ 12. Rxf3 exf5 13. Bg5 h6 14. Bxh6 Nh7 15. Qxd8 Rxd8 16. Bxg7 Kxg7 17. Rf1 fxe4 18. Nxe4 f5 19. Nc3 b5 20. Bf3 b4 21. Nd5 Ng5 22. Nf4 Re8 23. Bc6 Re5 24. Rfe1 Bb7 25. Bxb7 Rxb7 26. Kf2 Kf6 27. Rad1 Rbe7 28. Rxe5 Rxe5 29. c4 Nf7 30. a3 a5 31. axb4 1/2-1/2

[Event "Nis op"]
[Site "Nis"]
[Date "2011.05.30"]
[Round "6"]
[White "Markovic, Marko"]
[Black "Zivkovic, Nemanja"]
[Result "1-0"]
[WhiteElo "2303"]
[BlackElo "2184"]
[PlyCount "39"]
[EventDate "2011.05.24"]
[EventType "swiss"]
[EventRounds "9"]
[EventCountry "SRB"]
[SourceTitle "CBM 142 Extra"]
[Source "ChessBase"]
[SourceDate "2011.06.27"]
[SourceVersion "1"]
[SourceVersionDate "2011.06.27"]
[SourceQuality "1"]

1. e4 c5 2. Nc3 Nc6 3. Bb5 Nd4 4. Bc4 e6 5. Nge2 a6 6. Nxd4 cxd4 7. Ne2 b5 8. Bb3 Bb7 9. d3 Qb6 10. 0-0 Ne7 11. Ng3 Nc6 12. a3 a5 13. f4 a4 14. Ba2 g6 15. f5 Bd6 16. Bg5 Be5 17. fxe6 dxe6 18. Qg4 Bg7 19. Rxf7 Ne5 20. Re7+ 1-0